Madresolterismo. Estructuras y vivencias en sectores populares /

El presente libro se enmarca en una perspectiva donde se integra lo vivencial con lo estructural, donde el lenguaje analítico se combina con el lenguaje popular, en una dinámica creativa que permite entregar una visión real y compleja del "madresolterismo", donde sin lugar a dudas los que trabajan c...

Full description

Bibliographic Details
Main Author: Guevara Tapia, Soledad
Format: Libro
Language:English
Published: Santiago, Chile Universidad Academia de Humanismo Cristiano 1994
Edition:1a.ed.
Subjects:
Online Access:

MARC

LEADER 00000cam a2200000 a 4500
001 002050
003 UAHC_CL
005 20170803115811.0
008 010822b xx j 000 1 eng
020 |a 9567382026 
040 |a UAHC_CL  |c UAHC_CL  |d UAHC_CL 
082 0 4 |a 155.642 G939 
100 1 |a Guevara Tapia, Soledad 
245 1 0 |a Madresolterismo. Estructuras y vivencias en sectores populares /  |c Soledad Guevara Tapia. 
250 |a 1a.ed. 
260 |b Universidad Academia de Humanismo Cristiano  |c 1994  |a Santiago, Chile 
300 |a 146 p. 
520 |a El presente libro se enmarca en una perspectiva donde se integra lo vivencial con lo estructural, donde el lenguaje analítico se combina con el lenguaje popular, en una dinámica creativa que permite entregar una visión real y compleja del "madresolterismo", donde sin lugar a dudas los que trabajan con éste tema encontrarán perspectivas teóricas, casos, interrogantes, nuevos puntos de partida para investigar o tratar casos. 
650 4 |a SALUD MENTAL 
650 4 |a MUJERES 
900 |a 155.642 GUE 
942 |c BK 
952 |0 0  |1 0  |4 0  |6 155_642000000000000_GUE  |7 0  |8 General  |9 4671  |a BC  |b BC  |c General  |d 2017-08-03  |l 0  |o 155.642 GUE  |p 1304609  |r 2026-01-07 00:00:00  |t 1  |w 2017-08-03  |y BK 
952 |0 0  |1 0  |4 0  |6 155_642000000000000_GUE  |7 0  |8 General  |9 4672  |a BC  |b BC  |c General  |d 2017-08-03  |l 0  |o 155.642 GUE  |p 1305111  |r 2026-01-07 00:00:00  |t 2  |w 2017-08-03  |y BK 
952 |0 0  |1 0  |4 0  |6 155_642000000000000_GUE  |7 0  |8 General  |9 4673  |a BC  |b BC  |c General  |d 2017-08-03  |l 0  |o 155.642 GUE  |p 1304612  |r 2026-01-07 00:00:00  |t 3  |w 2017-08-03  |y BK 
952 |0 0  |1 0  |4 0  |6 155_642000000000000_GUE  |7 0  |8 General  |9 4674  |a BC  |b BC  |c General  |d 2017-08-03  |l 0  |o 155.642 GUE  |p 1304608  |r 2026-01-07 00:00:00  |t 4  |w 2017-08-03  |y BK 
952 |0 0  |1 0  |4 0  |6 155_642000000000000_GUE  |7 0  |8 General  |9 4675  |a BC  |b BC  |c General  |d 2017-08-03  |l 0  |o 155.642 GUE  |p 1304611  |r 2026-01-07 00:00:00  |t 5  |w 2017-08-03  |y BK 
999 |c 2050  |d 2050